000 00260nam a22001097a 4500
008 170126b xxu||||| |||| 00| 0 eng d
020 _a9780827369696
041 _aeng
080 _a61
245 _aESSENTIALS OF HEALTH SERVICES
_cWILLIAMS, S.J
942 _2udc
_cBK
999 _c3771
_d3771